LEADER 00685nam0-22002531i-450- 001 990001282380403321 035 $a000128238 035 $aFED01000128238 035 $a(Aleph)000128238FED01 035 $a000128238 100 $a20000920d1966----km-y0itay50------ba 101 0 $aeng 200 1 $aElementary Logic$fby Quine Willard Van Ornam 205 $a$a 210 $aCambridge$cHarvard University Press$d1966 700 1$aQuine,$bWillard Van Orman$f<1908-2000>$058505 801 0$aIT$bUNINA$gRICA$2UNIMARC 901 $aBK 912 $a990001282380403321 952 $a11-E-10$b6712$fMA1 959 $aMA1 996 $aElementary Logic$917000 997 $aUNINA DB $aING01 LEADER 00979nam0-2200337li-450 001 990000141520203316 005 20180312154908.0 010 $a0-306-43628-0 035 $a0014152 035 $aUSA010014152 035 $a(ALEPH)000014152USA01 035 $a0014152 100 $a20001109d1991----km-y0itay0103----ba 101 0 $aeng 102 $aUS 200 1 $aCatalytic ammonia synthesis$efundamentals and practice$fedited by J.R. Jennings 210 $aNew York [etc.]$cPlenum Press$dcopyr. 1991 610 1 $aammoniaca 676 $a661.34$9. 702 1$aJennings,$bJ.R. 801 $aSistema bibliotecario di Ateneo dell' Università di Salerno$gRICA 912 $a990000141520203316 951 $a661.34 CAT$b0004645 959 $aBK 969 $aTEC 979 $c19940601 979 $c20001110$lUSA01$h1712 979 $c20020403$lUSA01$h1621 979 $aPATRY$b90$c20040406$lUSA01$h1610 996 $aCATALYTIC ammonia synthesis$9126658 997 $aUNISA